1417 1138 1338 1102 1128 1989 1872 1648 1881 1471 1604 1417 1845 1115 1596 1393 1305 1061 1429 1967 1234 1378 1268 1829 1644 1298 1933 1988 1764 1198 1491 1373 1121 1439 1598 1108 1361 1939 1513 1778 1067 1406 1791 1777 1496 1915 1566 1784 1722 1238 1629 1152 1834 1619 1859 1504 1472 1927 1303 1817 1679 1786 1018 1932 1792 1059 1517 1410 1304 1697 1425 1089 1111 1159 1719 1212 1707 1641 1568 1465 1744 1781 1738 1611 1219 1204 1509 1541 1308 1034 1676 1423 1245 1108 1638 1173 1099 1642 1145 BCNSPRNW ULIB Ver.6.0+V

เปลี่ยนเป็นภาษาไทย

Change to English
 แสดงรายละเอียดบรรณานุกรม
  กลับหน้าหลัก

Brief Record : Get Marc (ISO 2709) : E-mail record : QR code < ปิดหน้าต่าง
LEADER : 00000nam 2200000uu 4500
001    13399120502
003     ULIB
008    020711s2547 th a 000 0 tha d
020    9789748317946
050    WB320 ม175ก
100    มนูญ บัญชรเทวกุล
245    การฟื้นฟูอาการอัมพาตหรืออัมพฤกษ์ครึ่งซีก/^cมนูญ บัญชรเทวกุล
250    พิมพ์ครั้งที่ 3
260     ^bม.ป.ท.,^c2547
300    104 หน้า
650    อัมพาตครึ่งซีก
945    ^p0^l0^i13924
999    ^aทศพร เกษรทอง
รายการนี้ยังไม่มีแท็ก
คุณยังไม่ได้ล็อกอิน คุณสามารถมีกิจกรรมร่วมกับเว็บไซต์ได้ แต่ต้องล็อกอินก่อน ::
  ล็อกอิน

รายการสื่อสารสนเทศ

ลำดับที่ ประเภท เลขเรียก/บาร์โค้ด สถานที่ สถานะ
1. วิทยาศาสตร์การแพทย์ และสุขภาพ
วิทยาศาสตร์การแพทย์ และสุขภาพ
WB320 ม175ก  
  Barcode: 13924
ห้องสมุดวิทยาเขตสวรรค์ประชารักษ์
►หนังสือทั่วไป
บนชั้น

รายการใกล้เคียง
    ผู้แต่ง [มนูญ บัญชรเทวกุล]

    หัวเรื่อง [อัมพาตครึ่งซีก]

BibComment


ยังไม่เคยถูกคอมเมนท์

คอมเมนท์ทรัพยากรรายการนี้
  คอมเมนท์: การฟื้นฟูอาการอัม..


 Copyright 2026. Bcnsprnw @Library